00766nam a2200253 a 4500001001300000003000900013005001700022008004100039020002300080082001700103100001900120245003800139260004500177300000900222500003500231505003000266650001800296650003100314700001900345902000800364942000700372952011800379999001500497nice12345678IN_TiNIC20260116012323.0050524s1993 dela grp 000 0 eng  a8185618 c32500a954.035bTOM aTomlinson, B R aEconomy of Modern India 1860-1970 aDelhibCambridge University Press c1993 a234p aincludes index and biblioraphy2 aAppendices, Biblio, Index aIndia-History aIndia-Economic Development1 aTomlinson, B R bSRS cBK 001040708StackRoom-aHMIbHMId2007-04-04g325.00l0o954.035 TOMp014661r2007-04-04v325.00w2005-05-24yBK c6543d6543